000 00341 a2200157 4500
001 179797
020 _a
040 _cMagnum
100 _aLeite, Luci Banks
240 1 0 _aPiaget a escola de genebra
_lpor
245 1 0 _aPiaget a escola de genebra
362 0 _a1899
440 1 _aCortez
697 _aMAGNITO: PSICOLOGIA
942 _cBK
999 _c179797
_d179797